The joys of Haar measure
Αποθηκεύτηκε σε:
| Κύριος συγγραφέας: | |
|---|---|
| Άλλοι συγγραφείς: | |
| Μορφή: | Βιβλίο |
| Γλώσσα: | Unknown English |
| Δημοσίευση: |
Providence, R.I. :
American Mathematical Society ,
c2014
|
| Σειρά: | Graduate studies in mathematics
150 |
| Θέματα: | |
| Ετικέτες: |
Προσθήκη ετικέτας
Δεν υπάρχουν, Καταχωρήστε ετικέτα πρώτοι!
|
MARC
| LEADER | 00000nam a2200000 a 4500 | ||
|---|---|---|---|
| 001 | 1/106181 | ||
| 008 | 150430?yyyy####???| ||| |||| ||???|| | ||
| 020 | |a 9781470409357 | ||
| 040 | |a GR-MyUa |b gre |c GR-MyUa |e AACR2 | ||
| 041 | ? | |a eng | |
| 082 | 7 | |a 515.42 |2 (23) | |
| 100 | 1 | |a Diestel, Joseph |d 1943- |e aut | |
| 245 | ? | ? | |a The joys of Haar measure / |c Joe Distel, Angela Spalsbury |
| 260 | |a Providence, R.I. : |b American Mathematical Society , |c c2014 | ||
| 300 | |a xiv, 320 σ. : |c 27 εκ. | ||
| 490 | ? | |a Graduate studies in mathematics ; |v 150 | |
| 504 | |a Βιβλιογραφία: 309-315. Ευρετήριο | ||
| 650 | 0 | |a Measure theory. | |
| 650 | 0 | |a Integrals, Haar. | |
| 650 | 0 | |a Numerical integration. | |
| 700 | ? | |a Spalsbury, |q Angela, |d 1967- | |
| 830 | 0 | |a Graduate studies in mathematics |v 150 | |
| 922 | |a ΣΑΜΟΣ |b 2015-01 |c ΤΜΗΜΑ ΜΑΘΗΜΑΤΙΚΩΝ-ΜΕΤΑΠΤΥΧΙΑΚΟ |d ΔΡΕΣ | ||
| 970 | |a ΚΟΣΙΕΡΗΣ |b ΧΡΗΣΤΟΣ |z 2015-04-30 | ||